000
00320nam a2200121Ia 4500
008
191201s2016 xx 000 0 und d
100
_a
SHARMA, Rekha
245
0
_a
Haryana ke Lok Geeto May Bhakti Bhawna
260
_a
N. Delhi
_b
Haryana Granth Academi
_c
2016
300
_a
276
650
_a
General Books
942
_2
ddc
_c
BK
999
_c
6732
_d
6732